De la edad media a nuestros días

محفوظ في:
التفاصيل البيبلوغرافية
المؤلف الرئيسي: Lapesa, Rafael
التنسيق: كتاب
اللغة:Undetermined
منشور في: Madrid, España Gredos 1967
الموضوعات:
الوسوم: إضافة وسم
لا توجد وسوم, كن أول من يضع وسما على هذه التسجيلة!

MARC

LEADER 00000nam a2200000Ia 4500
008 170316s9999 xx 000 0 und d
090 |a 801 L-5d 
100 |a Lapesa, Rafael 
245 |a De la edad media a nuestros días 
260 |a Madrid, España 
260 |b Gredos 
260 |c 1967 
300 |a 310 páginas 
650 |a TEORÍA LITERARIA 
650 |a LITERTURA ESPAÑOLA 
650 |a HISTORIA 
650 |a CRÍTICA 
650 |a LA LENGUA 
650 |a POESÍA ÉPICA 
650 |a DIALECTOS 
650 |a LÍRICA-CASTILLA 
650 |a LIBRO DE BUEN AMOR-MUERTE 
650 |a POESÍA 
650 |a GONGORA 
650 |a CERVANTES 
650 |a ROSALIA 
999 |c 20436  |d 20436 
040 |a cru BVZT 
942 |c 15 D  |h 801 L-5d  |2 z